[Event "5th Cairns Cup 2025"]
[Site "Saint Louis USA"]
[Date "2025.06.11"]
[Round "2.4"]
[White "Tan, Zhongyi"]
[Black "Koneru, Humpy"]
[Result "1/2-1/2"]
[Annotator "Tactical Analysis 7.0"]
[WhiteElo "2546"]
[BlackElo "2543"]
[PlyCount "82"]
[GameId "2187749521792290"]
[EventDate "2025.06.10"]

1. e4 e5 2. Bc4 Nf6 3. Nc3 Nc6 4. d3 Bb4 5. Nf3 d5 6. exd5 Nxd5 7. O-O Bxc3 8. bxc3 O-O 9. Bd2 Bg4 10. h3 Bh5 11. a4 $146 {C42: Petroff Defence: 3 Nxe5 and unusual White 3rd moves.} ({Predecessor:} 11. Re1 Re8 12. Rb1 Nb6 13. Bb5 Qd6 14. c4 f6 15. Be3 Qd7 16. g4 Bf7 17. Nh4 a6 18. Bxc6 Qxc6 {0-1 Dardha,D (2619)-Lazavik,D (2553) Chess.com U20 Speed Chess.com INT blitz 2023 (1.10)}) 11... Nb6 (11... h6 $11) 12. Bb5 f5 13. a5 $1 {White is slightly better.} e4 $1 14. axb6 (14. Bxc6 $14 bxc6 15. axb6 exf3 16. b7 (16. bxa7 Qh4 $17)) 14... exf3 $11 15. Re1 (15. gxf3 $2 Ne5 16. Ra4 (16. Rxa7 $2 Rxa7 17. bxa7 Nxf3+ $19) (16. bxa7 $2 Nxf3+ 17. Kg2 Nh4+ {[%csl Od1][%mdl 64] Discovered Attack} 18. Kg1 Bxd1 $19) 16... Nxf3+ 17. Kh1 Nxd2 (17... axb6 $2 18. Bc4+ Kh8 19. Rxa8 $17) (17... cxb6 $2 18. Rg1 $19) 18. Qxd2 Qd5+ (18... axb6 19. Rxa8 Qxa8 20. Bc4+ Bf7 21. Bxf7+ Rxf7 22. Re1 $17) (18... cxb6 19. Rd4 $17) 19. Kh2 Qxb5 $19) (15. Bxc6 fxg2 16. Qxh5 gxf1=Q+ 17. Kxf1 bxc6 18. bxa7 Qd5 $11) 15... Qh4 (15... cxb6 {simplifies} 16. Bc4+ Kh8 17. g3 Re8) 16. Ra4 (16. bxc7 $2 fxg2 17. f3 (17. Bc4+ $2 Kh8 $19) 17... Qxh3 $19) (16. gxf3 $2 Qxh3 17. Bc4+ (17. bxc7 $2 Bxf3 $19) 17... Kh8 $19) (16. Bxc6 bxc6 17. Rxa7 (17. b7 Rab8 $17) 17... fxg2 (17... cxb6 18. Qa1 $11) 18. Rxa8 Rxa8 (18... Bxd1 19. Rxf8+ Kxf8 20. bxc7 Kf7 21. c8=Q)) 16... f4 17. Bxc6 (17. bxc7 $2 fxg2 18. Bxc6 (18. Bc4+ $2 Kh8 $19) 18... Bxd1 $19) 17... bxc6 18. b7 $36 {[%mdl 2048] White has the initiative.} (18. bxc7 $2 fxg2 19. f3 Qxh3 20. Rxf4 Rfe8 $19 (20... Bxf3 21. Qxf3 Qxf3 22. Rxf3 $17)) 18... Rab8 {Threatens to win with ...fxg2.} 19. Re5 $1 {Some like it hot} g6 (19... Rxb7 $11 {remains equal.} 20. Rxf4 Rxf4 21. Bxf4 Qxf4 22. Rxh5 Rb5) 20. Qf1 {[%cal Oa4f4]} ({Not} 20. gxf3 Qxh3 21. Qf1 Qxf3 $17) (20. Rxa7 {is more complex.} fxg2 21. Rxh5 gxh5 22. Qf3) 20... fxg2 21. Qxg2 Rxb7 {[#]} 22. Rb4 {White is more active.} (22. Ree4 $1 $16 {[%cal Re4f4]}) 22... Rxb4 (22... Rb6 $11) 23. cxb4 $16 f3 {[#]} (23... Kg7 $16) 24. Qg3 $2 ({Better is} 24. Qh2 $1 $18) 24... Qxg3+ $11 {The position is equal.} 25. fxg3 {[%mdl 4096] Endgame KRB-KRB. Black is a pawn up.} f2+ 26. Kf1 {g4 would now be deadly.} Bd1 27. Bh6 Rf5 28. Rxf5 gxf5 {KB-KB. Black is a pawn up.} 29. c3 Bc2 30. d4 Kf7 31. Kxf2 Ke6 32. Ke3 Kd5 33. Bf4 Kc4 34. Kd2 Be4 35. Bxc7 Bg2 36. h4 h5 37. Bf4 a6 38. Be3 Bf3 39. Bf4 Bg2 40. Be3 Bf3 41. Bf4 {Weighted Error Value: White=0.18 (very precise) /Black=0.23 (precise)} Bg2 1/2-1/2

[Event "5th Cairns Cup 2025"]
[Site "Saint Louis USA"]
[Date "2025.06.11"]
[Round "2.5"]
[White "Batsiashvili, Nino"]
[Black "Dronavalli, Harika"]
[Result "1/2-1/2"]
[Annotator "Tactical Analysis 7.0"]
[WhiteElo "2462"]
[BlackElo "2483"]
[PlyCount "108"]
[GameId "2187760080076332"]
[EventDate "2025.06.10"]

1. d4 d5 2. c4 e6 3. Nc3 Nf6 4. cxd5 exd5 5. Bg5 Be6 6. e3 {D35: Queen's Gambit Declined: Exchange Variation.} Nbd7 7. Bd3 c6 8. h3 {White is slightly better.} Be7 9. Nf3 O-O 10. O-O Ne8 11. Bf4 Nd6 12. Qc2 g6 $146 ({Predecessor:} 12... h6 13. Ne5 Nf6 14. Na4 Nde4 15. f3 Nd6 16. Nc5 Qc8 17. g4 g5 {1-0 Smolik,J (2291)-Bokhnak,T (2098) Pardubice Czech op-A 33rd 2022 (5)}) 13. Rac1 Rc8 14. Na4 Bf5 15. Bxd6 (15. Bxf5 $14 Nxf5 16. Qb3) 15... Bxd3 $11 16. Bxe7 Bxc2 {[%cal Bd3c2,Bc2a4,Ba4b5][%mdl 32]} 17. Bxd8 Bxa4 18. Bh4 Bb5 19. Rfe1 Rfe8 {Inhibits Ne5.} 20. Rc3 Re6 21. Nd2 {[%cal Bf3d2,Bd2b3,Bb3c5][%mdl 32]} h6 {The position is equal.} 22. f3 Rce8 23. Bf2 {White is weak on the light squares} f5 24. a4 Bxa4 {[%cal Of5f4]} 25. Ra1 Nb6 26. Nb3 {[#]} R6e7 27. Nc5 Bb5 28. Rxa7 Nc4 29. Rxb7 Nxb2 30. Rxe7 Rxe7 31. Ra3 Kf7 32. Ra1 Nd3 33. Nxd3 Bxd3 {[%mdl 4096] Endgame KRB-KRB} 34. Ra3 Bc4 35. Bg3 g5 36. Be5 Rb7 37. Ra8 Rb1+ 38. Kh2 Rb2 39. Rh8 Bf1 40. Rxh6 Bxg2 41. Rf6+ Ke8 42. Rxf5 {And now Kg3 would win.} Bxf3+ 43. Kg3 Be4 {[%csl Ge4][%cal Rb2g2] [#]} 44. Rxg5 Rg2+ 45. Kh4 Rxg5 46. Kxg5 {KB-KB. White is a pawn up.} Kf7 47. h4 Kg8 48. h5 Kf7 49. h6 Ke6 50. Kf4 Bh7 51. Bg7 Be4 52. Be5 Bh7 53. Bg7 Be4 54. Be5 {Weighted Error Value: White=0.03 (flawless) /Black=0.02 (flawless)} Bh7 1/2-1/2

[Event "5th Cairns Cup 2025"]
[Site "Saint Louis USA"]
[Date "2025.06.12"]
[Round "3.1"]
[White "Dronavalli, Harika"]
[Black "Muzychuk, Mariya"]
[Result "1/2-1/2"]
[Annotator "Tactical Analysis 7.0"]
[WhiteElo "2483"]
[BlackElo "2492"]
[PlyCount "82"]
[GameId "2188305784310288"]
[EventDate "2025.06.10"]

1. e4 e5 2. Nf3 Nc6 3. Nc3 Nf6 4. a4 Bb4 5. Bd3 O-O 6. O-O {C47: Scotch Four Knights and Four Knights with 4 g3.} d6 7. Nd5 a5 8. c3 Bc5 9. Bc2 {[#]} Nxd5 ({Much weaker is} 9... Bg4 10. h3 Bxf3 11. Qxf3 $14) 10. exd5 Ne7 {[%cal Oc8f5]} 11. Ng5 Bf5 (11... Nxd5 $2 12. d4 (12. Qh5 h6 $16) 12... exd4 13. Bxh7+ Kh8 14. cxd4 $18) 12. Bxf5 Nxf5 13. Qh5 {[%csl Gg5][%cal Rh5h7] [#]} h6 $146 ({Predecessor:} 13... Nh6 14. d3 Qf6 15. Ne4 Qg6 16. Qxg6 hxg6 17. Re1 f6 18. Bxh6 gxh6 19. Re2 Bb6 {1-0 Teimouri Yadkuri,S (2128)-Azimi,A (1847) Tehran zt 3.1 2023 (2)}) 14. Ne4 g6 15. Qh3 {[%cal Od2d4]} h5 16. d4 exd4 17. Bd2 f6 18. Rfe1 Qd7 19. cxd4 Bxd4 20. Bc3 {Threatens to win with Bxd4.} Qf7 21. Bxd4 Nxd4 22. Qd3 {Repels Nc2} Nf5 (22... Qxd5 $2 {too greedy.} 23. Nc3 $18) 23. Rac1 Qg7 (23... Rae8 $15) 24. Nc3 {The position is equal.} Rae8 25. Nb5 Rxe1+ 26. Rxe1 Qd7 27. Rc1 c6 28. dxc6 bxc6 29. Qc4+ Kg7 30. Qxc6 Qxc6 31. Rxc6 $11 {[%cal Og1f1][%mdl 4096] Endgame KRN-KRN} Re8 32. Kf1 {[%cal Ob2b3] Prevents Re1+} Re4 33. b3 Rb4 34. Nxd6 Nxd6 35. Rxd6 Rxb3 {KR-KR} 36. Rd5 Rb1+ 37. Ke2 Rb2+ 38. Ke3 Rb3+ 39. Ke2 Rb2+ 40. Ke3 Rb3+ 41. Ke2 {Weighted Error Value: White=0.04 (flawless) /Black=0.06 (flawless)} Rb2+ 1/2-1/2

[Event "5th Cairns Cup 2025"]
[Site "Saint Louis USA"]
[Date "2025.06.12"]
[Round "3.2"]
[White "Yip, Carissa"]
[Black "Batsiashvili, Nino"]
[Result "1-0"]
[Annotator "Tactical Analysis 7.0"]
[WhiteElo "2431"]
[BlackElo "2462"]
[PlyCount "79"]
[GameId "2188309625490333"]
[EventDate "2025.06.10"]

1. e4 e5 2. Bc4 Nf6 3. d3 Bc5 4. Nf3 Nc6 5. Nc3 d6 6. Na4 Bb6 7. Nxb6 axb6 8. c3 {C50: Hungarian Defence and Giuoco Pianissimo.} h6 9. O-O O-O 10. Re1 {The position is equal.} Re8 11. Bd2 $146 ({Predecessor:} 11. b4 Be6 12. Bb5 Bd7 13. Bd2 Ne7 14. Bc4 b5 15. Bb3 Ng6 16. a4 bxa4 17. Bxa4 Bxa4 18. Rxa4 {0-1 Martaler,J (2177)-Menezes,C (2417) BL2-Sued 2122 Germany 2022 (9.6)}) 11... Be6 12. Bb5 Bd7 (12... Rxa2 $6 13. Rxa2 Bxa2 14. c4 $16) (12... Bxa2 $2 13. c4 $16) 13. a3 Ne7 14. Bxd7 Qxd7 15. c4 Ng6 16. h3 b5 17. Qb3 bxc4 18. dxc4 b6 19. a4 Nh5 {[%cal Bf6h5,Bh5f4,Bf4h3,Bh3f2][%mdl 32]} 20. Qb5 Qe6 21. Qd5 Qf6 (21... Ngf4 {simplifies} 22. Bxf4 Nxf4 23. Qxe6 Nxe6 24. b4 Ra7) 22. Qc6 Ngf4 23. Bxf4 Nxf4 $40 {[%mdl 128] Black mounts an attack.} 24. Qxc7 {[%cal Oc7d7]} Qg6 {[%csl Gf4][%cal Rg6g2]} 25. g3 Nxh3+ 26. Kf1 {[%cal Oc7c6]} Re6 (26... Qh5 $15 27. Ra3 Re6) 27. Ra3 $11 Rf6 28. Qd7 {Prevents Qg4.} Qh5 {[%cal Og7g5]} 29. Kg2 $1 {Active counter play!} Nxf2 {[%mdl 64] [#] Decoy} 30. Kxf2 ({Reject} 30. Qc6 Qh3+ 31. Kxf2 Rc8 $15 (31... Qh2+ 32. Ke3 $11)) 30... Qh2+ {[%mdl 64] Skewer} 31. Ke3 $2 {[%mdl 8192]} (31. Kf1 $11) 31... Qxg3 $2 (31... Qxb2 $19 32. Rea1 Qg2) 32. Rf1 $1 $15 g5 $2 (32... Rf4 $15 {keeps the upper hand.} 33. Qb7 Rf8) 33. Ke2 $16 {[%cal Be3e2,Be2f1,Bf1g1][%mdl 32] Threatens to win with Rg1.} {This costs Black the game.} g4 $2 (33... Rf4 $16) 34. Rg1 $18 {[%mdl 64] [#] Skewer. White is clearly winning.} gxf3+ 35. Kf1 Qxg1+ 36. Kxg1 f2+ 37. Kf1 Kh7 {...Rg8 would now be deadly.} 38. Rg3 b5 39. Qg4 Rg6 {Weighted Error Value: White=0.22 (precise) /Black=0.45} 40. Qf5 1-0

[Event "5th Cairns Cup 2025"]
[Site "Saint Louis USA"]
[Date "2025.06.12"]
[Round "3.3"]
[White "Lee, Alice"]
[Black "Dzagnidze, Nana"]
[Result "1/2-1/2"]
[Annotator "Tactical Analysis 7.0"]
[WhiteElo "2389"]
[BlackElo "2505"]
[PlyCount "77"]
[GameId "2188313272016105"]
[EventDate "2025.06.10"]

1. d4 Nf6 2. c4 b6 3. Nc3 Bb7 4. a3 g6 5. Qc2 d5 6. cxd5 {A50: Queen's Fianchetto Defence (1 d4 Nf6 2 c4 b6).} Nxd5 7. e4 $146 ({Predecessor:} 7. Nf3 Bg7 8. e4 Nxc3 9. bxc3 O-O 10. Bc4 c5 11. O-O cxd4 12. cxd4 Nc6 13. Rd1 {0-1 Berdnyk,M (2308)-Sychev,K (2572) Titled Tuesday intern op 06th Apr Chess.com INT blitz 2021 (3)}) 7... Nxc3 8. bxc3 {White is slightly better.} Bg7 9. Bc4 O-O 10. Ne2 (10. Nf3 $14) 10... Nc6 11. O-O e6 12. Ba2 Na5 13. Bb2 (13. Be3 $11 {keeps the balance.}) 13... c5 $17 14. Rad1 cxd4 (14... Qc8 $15) 15. cxd4 $11 Rc8 {Dodges d5} 16. Qd3 b5 {[%mdl 64] [#] Deflection} 17. Qxb5 {Bc3 is the strong threat. The position is equal.} Bxe4 {aiming for ...Rb8.} 18. Bc3 Nc6 19. d5 Bxd5 20. Bxg7 Kxg7 21. Nf4 (21. Bxd5 {simplifies} exd5 22. Rxd5 Qf6 23. g3) 21... Qb6 22. Qxb6 axb6 23. Nxd5 exd5 24. Rxd5 Ra8 25. Rd6 Ne5 26. Rxb6 Rxa3 27. Bb3 Nd7 28. Rb5 Rb8 29. Rxb8 Nxb8 {[%mdl 4096] Endgame KRB-KRN} 30. Bd5 Nd7 31. h3 Nf6 32. Bf3 h5 33. Rb1 Ra7 34. Rb7 Ra1+ 35. Kh2 Ra2 36. Kg1 Ra1+ 37. Kh2 Ra2 38. Kg1 Ra1+ {Weighted Error Value: White=0.08 (flawless) /Black=0.05 (flawless)} 39. Kh2 1/2-1/2

[Event "5th Cairns Cup 2025"]
[Site "Saint Louis USA"]
[Date "2025.06.12"]
[Round "3.4"]
[White "Assaubayeva, Bibisara"]
[Black "Tan, Zhongyi"]
[Result "1/2-1/2"]
[Annotator "Tactical Analysis 7.0"]
[WhiteElo "2509"]
[BlackElo "2546"]
[PlyCount "89"]
[GameId "2188316683353601"]
[EventDate "2025.06.10"]

1. e4 e5 2. Nf3 Nf6 3. Nxe5 d6 4. Nf3 Nxe4 5. d4 d5 6. Bd3 Bd6 7. O-O O-O 8. c4 c6 9. Re1 Bf5 10. Qb3 Qd7 {C42: Petroff Defence: 3 Nxe5 and unusual White 3rd moves.} 11. Nc3 Nxc3 12. Bxf5 Qxf5 {The position is equal.} 13. bxc3 {[#]} (13. Qxb7 {looks sharper.} Ne4 14. Qxa8 Qd7 15. cxd5 cxd5 16. Rxe4 Nc6 17. Qxf8+ Kxf8 18. Re2) 13... b6 14. cxd5 cxd5 15. Qb5 Qd7 $1 (15... Nd7 $2 16. Qc6 $18) 16. Rb1 (16. Qxd5 $2 Bxh2+ 17. Nxh2 Qxd5 $19) 16... Rd8 17. g3 (17. Qxd5 $2 Bxh2+ 18. Nxh2 Qxd5 $19) 17... Bf8 18. Ne5 $146 ({Predecessor:} 18. a4 Nc6 19. Kg2 Rac8 20. Qd3 Re8 21. Bf4 f6 22. h4 Na5 23. Rxe8 Rxe8 24. Rb5 {1-0 Caruana,F (2782)-Paravyan,D (2612) Titled Tuesday intern op 04th Jul Late Chess.com INT blitz 2023 (11)}) 18... Qxb5 19. Rxb5 Na6 20. Kf1 {[%cal Bg1f1,Bf1e2,Be2d3][%mdl 32]} Rac8 21. Rb3 Nb8 22. Ke2 Nc6 23. Nxc6 Rxc6 24. Kd3 f6 25. Bb2 Rc4 26. Rb5 {[%cal Ob5d5]} Ra4 27. a3 Rd6 28. Re8 Kf7 29. Rc8 a6 30. Rb4 Ra5 31. c4 dxc4+ 32. Rbxc4 {aiming for Bc3.} Rd7 33. a4 g5 34. R4c7 Rxc7 {[%mdl 64] [#] Deflection} 35. Rxc7+ $11 {[%mdl 4096] Endgame KRB-KRB} Ke8 36. Rc8+ Kf7 37. Rc7+ Ke8 38. Rc8+ Kf7 39. Rc6 Rxa4 (39... b5 $11) 40. d5 $1 $16 ({Much weaker is} 40. Rxb6 Rb4 41. Rxb4 Bxb4 $11) 40... Bc5 41. Rc7+ {[%mdl 1024] White has strong compensation.} (41. Rxf6+ Ke8 $14) 41... Kg6 {[%cal Oa4a2]} 42. Rc6 {White is more active.} Kf7 43. Rc7+ Kg6 {[%cal Oa4a2] ...Ra2! would now be deadly.} 44. Rc6 Kf7 {Weighted Error Value: White=0.06 (flawless) /Black=0.04 (flawless)} 45. Rc7+ ({Don't do} 45. Bxf6 g4 $14) (45. Rxf6+ $16 Ke7 46. Be5) 1/2-1/2

[Event "5th Cairns Cup 2025"]
[Site "Saint Louis USA"]
[Date "2025.06.12"]
[Round "3.5"]
[White "Koneru, Humpy"]
[Black "Kashlinskaya, Alina"]
[Result "1/2-1/2"]
[Annotator "Tactical Analysis 7.0"]
[WhiteElo "2543"]
[BlackElo "2459"]
[PlyCount "70"]
[GameId "2188320584220596"]
[EventDate "2025.06.10"]

1. Nf3 Nf6 2. g3 d5 3. Bg2 c5 4. O-O Nc6 5. d4 cxd4 6. Nxd4 e5 7. Nxc6 bxc6 8. c4 Be6 (8... dxc4 9. Bxc6+ Bd7 10. Bxa8 Qxa8 11. Nc3 $16) 9. Qa4 {D02: 1 d4 d5 2 Nf3 sidelines, including 2...Nf6 3 g3 and 2...Nf6 3 Bf4.} Qd7 (9... dxc4 $2 10. Qxc6+ (10. Bxc6+ Bd7 $18) 10... Bd7 11. Qxa8 $18) 10. Nc3 Rc8 {[%cal Ba8c8,Bc8c5,Bc5c2][%mdl 32]} 11. cxd5 {White is slightly better.} cxd5 12. Qxd7+ Kxd7 13. Rd1 {[%cal Oc1g5]} Bc5 14. Na4 h6 {Against Bg5 14...h6 has lost popularity.} 15. Nxc5+ Rxc5 16. f4 e4 17. Be3 Rc2 {[%csl LRb2,LRe2]} 18. Bxa7 Bg4 $1 19. Bd4 $146 ({Predecessor:} 19. Rdc1 Rhc8 20. Rxc2 Rxc2 21. e3 Bf3 22. Bh3+ Bg4 23. Bf1 Bf3 24. h3 Nh5 25. g4 Ng3 26. a4 {½-½ Helmer,J (2178)-Andreev,V (2060) SA-2016-0-00539 LSS email}) 19... Bxe2 20. Bh3+ {This pair of bishops is nice. White is weak on the light squares} Bg4 21. Bxf6 {[%csl Od5][%mdl 64] [#] Discovered Attack} Bxh3 22. Bxg7 Rg8 23. Rxd5+ Kc6 24. Rh5 Bg4 25. Rxh6+ Kb7 26. Bd4 Rd8 $1 27. Rb6+ Ka8 28. Rb4 Bf3 29. Re1 {Black must now prevent Re3.} Rd2 {[#]} 30. Re3 Rd1+ $11 {The position is equal.} 31. Kf2 {[%cal Re3a3]} Rd2+ (31... R1xd4 32. Ra3#) 32. Ke1 {[%cal Re3a3]} Rd1+ 33. Kf2 {[%cal Re3a3]} Rd2+ (33... R1xd4 34. Ra3#) 34. Ke1 {[%cal Re3a3]} (34. Kf1 $5 Rd1+ $8 35. Kf2 $11) 34... Rd1+ 35. Kf2 {[%cal Re3a3]} {Weighted Error Value: White=0.05 (flawless) /Black=0.01 (flawless)} Rd2+ ({Stronger than} 35... R1xd4 36. Ra3#) 1/2-1/2